Подробности
| 000 -МАРКЕР |
| контрольное поле |
02126nam2a22002891 4500 |
| 001 - ИДЕНТИФИКАТОР ЗАПИСИ |
| контрольное поле |
rc\3955531 |
| 005 - ИДЕНТИФИКАТОР ВЕРСИИ |
| контрольное поле |
20250611035031.0 |
| 021 ## - НОМЕР ГОСУДАРСТВЕННОЙ РЕГИСТРАЦИИ |
| Код страны |
Российская Федерация |
| Номер |
[57-1381] |
| 035 ## - ДРУГИЕ СИСТЕМНЫЕ НОМЕРА |
| Идентификатор записи |
(NLR Aleph) 008047311 |
| 100 ## - ДАННЫЕ ОБЩЕЙ ОБРАБОТКИ |
| Данные общей обработки |
20130415d1956 |||y0rusy50 ca |
| 101 0# - ЯЗЫК РЕСУРСА |
| Язык текста, звукозаписи и т.д. |
русский |
| 102 ## - СТРАНА ПУБЛИКАЦИИ ИЛИ ПРОИЗВОДСТВА |
| Страна публикации |
Российская Федерация |
| 105 ## - ПОЛЕ КОДИРОВАННЫХ ДАННЫХ: ТЕКСТОВЫЕ МАТЕРИАЛЫ, МОНОГРАФИЧЕСКИЕ |
| Кодированные данные о монографическом текстовом документе |
a z ||||| |
| 200 1# - ЗАГЛАВИЕ И СВЕДЕНИЯ ОБ ОТВЕТСТВЕННОСТИ |
| Основное заглавие |
[О влиянии оросительных каналов и систем на режим грунтовых вод земельных массивов и методы управления им] |
| Первые сведения об ответственности |
А.Н. Костяков |
| 210 ## - ПУБЛИКАЦИЯ, РАСПРОСТРАНЕНИЕ И ДР. |
| Дата издания, распространения и т.д. |
1956 |
| Место издания, распространения и т.д. |
Б. м. |
| 215 ## - ФИЗИЧЕСКАЯ ХАРАКТЕРИСТИКА |
| Специфическое обозначение материала и объем |
451 с. |
| Другие сведения о физической характеристике |
черт. |
| 320 ## - ПРИМЕЧАНИЯ О НАЛИЧИИ В ДОКУМЕНТЕ БИБЛИОГРАФИИ / УКАЗАТЕЛЯ |
| Текст примечания |
Библиогр. в конце статей |
| 423 #0 - ИЗДАЕТСЯ В ОДНОЙ ОБЛОЖКЕ ВМЕСТЕ С ... |
| Встроенное поле |
1010#$arus |
| -- |
2001#$a[Фильтрация из каналов и ее влияние на режим грунтовых вод]$fС.Ф. Аверьянов |
| -- |
700#1$aАверьянов$bС.Ф. |
| Заглавие |
[Фильтрация из каналов и ее влияние на режим грунтовых вод] |
| Автор |
Аверьянов, С.Ф. |
| 423 #0 - ИЗДАЕТСЯ В ОДНОЙ ОБЛОЖКЕ ВМЕСТЕ С ... |
| Встроенное поле |
1010#$arus |
| -- |
2001#$a[Типы режимов грунтовых вод под орошаемыми массивами]$fН.Н. Фаворин |
| -- |
700#1$aФаворин$bН.Н. |
| Заглавие |
[Типы режимов грунтовых вод под орошаемыми массивами] |
| Автор |
Фаворин, Н.Н. |
| 461 #0 - УРОВЕНЬ НАБОРА |
| Встроенное поле |
001rc\3955530 |
| -- |
2001#$aВлияние оросительных систем на режим грунтовых вод$eСб. 1-$fАкад. наук СССР. Секция по науч. разработке проблем водного хозяйства$vСб. 1 |
| Системный номер (АБИС) связанной записи |
8919242 |
| Место публикации |
Москва |
| Дата публикации |
1956 |
| Первые сведения об ответственности |
Акад. наук СССР. Секция по науч. разработке проблем водного хозяйства |
| Имя издателя, распространителя и т.д. |
Изд-во Акад. наук СССР |
| Сведения, относящиеся к заглавию |
Сб. 1- |
| Заглавие |
Влияние оросительных систем на режим грунтовых вод |
| Номер тома |
Сб. 1 |
| 700 #1 - ИМЯ ЛИЦА - ПЕРВИЧНАЯ ОТВЕТСТВЕННОСТЬ |
| Начальный элемент ввода |
Костяков |
| Часть имени, кроме начального элемента ввода |
А.Н. |
| Расширение инициалов личного имени |
Алексей Николаевич |
| 801 #0 - ИСТОЧНИК ЗАПИСИ |
| Страна |
Российская Федерация |
| Организация |
NLR |
| Правила каталогизации |
psbo |
| 801 #1 - ИСТОЧНИК ЗАПИСИ |
| Страна |
Российская Федерация |
| Организация |
ELAR |
| Источник данных |
rusmarc |
| 852 ## - МЕСТОНАХОЖДЕНИЕ И ШИФР ХРАНЕНИЯ |
| Идентификатор организации |
NLR |
| Шифр хранения (Call Number) |
57-7/116 |
| 942 ## - ДОПОЛНИТЕЛЬНЫЕ ЭЛЕМЕНТЫ ЗАПИСИ (АБИС) |
| Тип экземпляра АБИС |
Книга |
| 980 ## - КОЛЛЕКЦИЯ |
| Название коллекции |
Национальная библиография |